000 00937nam a2200217Ii 4500
003 JO-AjNU
008 230605s9999||||xx |||||||||||||| ||und||
017 _a20/1584
020 _a9960-14-060-1
040 _aJO-AjNU
_bara
_erda
_cJO-AjNU
041 _aara
050 1 4 _aP91.S4712 1999
100 3 _aميخائيل تأليف /سينجليترى م.مشارك/ستون,جيرالد م.مشارك/بن أهنية,عبد الله مترجم وآخرون,
_eauthor
_944499
245 0 0 _aدليل كتاب: نظرية الاتصال والبحوث التطبيقية
264 3 1 _aالرياض:مركز البحوث والدراسات الإدارية,1999
300 _a280ص
336 _atext
_btxt
_2rdacontent
337 _aunmediated
_bn
_2rdamedia
338 _avolume
_bnc
_2rdacarrier
650 4 _aاستخدام الاعلام-تصميم الاستبانة-نظرية الاتصال والبحوث التطبيقية
_944500
999 _aA19219
_c22787
_d22787